RICS appraisal and valuation standards (Record no. 118765)

MARC details
000 -LEADER
fixed length control field 03356cai a22004215a 4500
001 - CONTROL NUMBER
control field L2024
008 - FIXED-LENGTH DATA ELEMENTS--GENERAL INFORMATION
fixed length control field 030106c2003 xxkfr l ee 000 00eng d
020 ## - INTERNATIONAL STANDARD BOOK NUMBER
International Standard Book Number 1842191233
041 1# - LANGUAGE CODE
Language code of text/sound track or separate title eng
Language code of summary or abstract chi
-- dut
050 #4 - LIBRARY OF CONGRESS CALL NUMBER
Classification number 333.332 $2 18
110 2# - MAIN ENTRY--CORPORATE NAME
Corporate name or jurisdiction name as entry element Royal Institution of Chartered Surveyors
9 (RLIN) 4900
240 00 - UNIFORM TITLE
Uniform title Red book
245 00 - TITLE STATEMENT
Title RICS appraisal and valuation standards
250 ## - EDITION STATEMENT
Edition statement 5th ed.
260 ## - PUBLICATION, DISTRIBUTION, ETC.
Place of publication, distribution, etc. London
Name of publisher, distributor, etc. RICS
Date of publication, distribution, etc. 2003-
300 ## - PHYSICAL DESCRIPTION
Extent 1
Type of unit v. (loose-leaf)
Dimensions 30cm.
362 0# - DATES OF PUBLICATION AND/OR SEQUENTIAL DESIGNATION
Dates of publication and/or sequential designation 2003-
490 #0 - SERIES STATEMENT
Series statement RICS Guidance Note
490 #0 - SERIES STATEMENT
Series statement RICS Red Book
490 #0 - SERIES STATEMENT
Series statement RICS Information Paper
490 #0 - SERIES STATEMENT
Series statement RICS Practice Statement
490 #0 - SERIES STATEMENT
Series statement RICS UK Guidance Note
490 #0 - SERIES STATEMENT
Series statement RICS UK Practice Statement
490 #0 - SERIES STATEMENT
Series statement RICS Valuation Information Paper
505 2# - FORMATTED CONTENTS NOTE
Formatted contents note Part 1 - Status and application of these standards: background to these standards; relationship with international and European standards; how these standards are arranged; the principle aims of these standards; work exempt from these standards; compliance with these standards; departures from practice statements; effective date, amendments and additions
505 2# - FORMATTED CONTENTS NOTE
Formatted contents note Part 2 - Glossary of terms used in Parts 3 and 4
505 2# - FORMATTED CONTENTS NOTE
Formatted contents note Part 3 - Practice statements: PS1 qualifications and conflicts of interest; PS2 agreement of terms of engagement; PS3 valuation bases and applications; PS4 inspections and material considerations; PS5 valuation reports and published references to them; PS6 European Union valuation applications
505 2# - FORMATTED CONTENTS NOTE
Formatted contents note Part 4 - Guidance notes: GN1 trade-related valuations and goodwill; GN2 plant and machinery; GN3 valuations of portfolios and groups of properties; GN4 mineral-bearing land and waste management sites
505 2# - FORMATTED CONTENTS NOTE
Formatted contents note Part 5 - UK practice statements: UKPS1 valuations for financial statements; UKPS2 valuations for financial statements - specific applications; UKPS3 valuations for loan facilities; UKPS4 residential property valuations (other than for mortgage purposes); UKPS5 regulated purpose valuations
505 2# - FORMATTED CONTENTS NOTE
Formatted contents note Part 6 UK guidance notes: UKGN1 inspections and material considerations; UKGN2 shared ownership of residential property; UKGN3 valuations for Capital Gains Tax (CGT) and Inheritance Tax (IHT); UKGN4 disposals by charities; UKGN5 Local authority disposals at an under value; UKGN6 valuations for collective enfranchisement and leasehold reform; UKGN7 vaulations under the Settled Land Act 1925
520 ## - SUMMARY, ETC.
Summary, etc. Part 6 UK guidance notes: UKGN1 inspections and material considerations; UKGN2 shared ownership of residential property; UKGN3 valuations for Capital Gains Tax (CGT) and Inheritance Tax (IHT); UKGN4 disposals by charities; UKGN5 Local authority disposals at an under value; UKGN6 valuations for collective enfranchisement and leasehold reform; UKGN7 vaulations under the Settled Land Act 1925
520 ## - SUMMARY, ETC.
Summary, etc. Superseded by the "RICS valuation standards" (ISBN 9781842193426). Supersedes the "RICS appraisal and valuation manual" (ISBN 0854066993). The "Red book online" catalogued seperately (ISBN 1842191241).
650 24 - SUBJECT ADDED ENTRY--TOPICAL TERM
Topical term or geographic name entry element RICS appraisal and valuation standards
651 #4 - SUBJECT ADDED ENTRY--GEOGRAPHIC NAME
Geographic name International
690 ## - LOCAL SUBJECT ADDED ENTRY--TOPICAL TERM (OCLC, RLIN)
Topical term or geographic name as entry element PROPERTY-PROPERTY APPRAISAL AND VALUATION
856 41 - ELECTRONIC LOCATION AND ACCESS
Uniform Resource Identifier <a href="https://www.isurv.com/site/scripts/download_info.php?downloadID=390">https://www.isurv.com/site/scripts/download_info.php?downloadID=390</a>
Public note Archived on isurv (subscription required)
942 ## - ADDED ENTRY ELEMENTS (KOHA)
Suppress in OPAC 0
Source of classification or shelving scheme Dewey Decimal Classification
Holdings
Withdrawn status Lost status Source of classification or shelving scheme Damaged status Not for loan Home library Current library Shelving location Date acquired Total Checkouts Full call number Barcode Date last seen Copy number Price effective from Koha item type Date last checked out Cost, normal purchase price Cost, replacement price
    Dewey Decimal Classification     London London RICS Boxes 27/03/2003   RICS 2003/10 30068478 06/08/2019 2 06/08/2019 Reference material      
    Dewey Decimal Classification     London London RICS Boxes 27/03/2003   RICS 2003/10 30068433 06/08/2019 3 06/08/2019 Archive      
    Dewey Decimal Classification     London London RICS Boxes 27/03/2003 31 RICS 2003/10 30075140 06/08/2019 5 06/08/2019 Book 27/05/2009    
    Dewey Decimal Classification     London London RICS Boxes 04/10/2006 10 RICS 2003/10 30075157 06/08/2019 6 06/08/2019 Book 05/06/2009 175.00 175.00
    Dewey Decimal Classification     Virtual Virtual Online 11/05/2007   isurv 120909-4001 23/05/2023 1 06/08/2019 Online material